Statistics for Consorts of New Zealand

Click here to take the quiz!

General Stats

  • This quiz has been taken 3 times
  • The average score is 4 of 6

Answer Stats

Answer% Correct
Prince Albert
100%
Prince Philip
100%
Queen Camilla
100%
Queen Elizabeth
67%
Queen Mary
67%
Queen Alexandra
0%

Score Distribution

Percentile by Number Answered

Percent of People with Each Score

Your Score History

You have not taken this quiz